00811cam a2200241 4500001001300000003000400013005001700017008004100034010001700075025002000092040001800112041001300130043001200143050000800155110003700163240004400200245013300244260006800377300001800445500003100463650005800494999001700552sa 68019466 DLC20260227112717.0711229s1967 io 000 0 eng  asa 68019466  aPL480:Indo-6686 aDLCcDLCdDLC1 aenghind aa-io---00aLAW10aIndonesia.kLaws, statutes, etc.10aUndang-undang no. 1 tahun 1967. English10aLaw no. 1 of the year 1967 concerning foreign capital investment,band related decisions and instructions of the Ampera Cabinet.0 a[Djakarta]bDept. of Information, Republic of Indonesiac[1967] a50 p.c18 cm. a"Special issue, 014/1967." 0aInvestments, ForeignxLaw and legislationzIndonesia. c88898d88898